| 000 | 00951nam a2200337 a 4500 | ||
|---|---|---|---|
| 003 | AR-BaBNM | ||
| 005 | 20251128204327.0 | ||
| 008 | 082120s2002 ||||||||||||||000 | spa|| | ||
| 020 | _a950-777-024-0 | ||
| 040 | _cAR-BaBNM | ||
| 100 | 1 | _aSantoro, Daniel | |
| 245 | 0 | 0 |
_aOperación Condor II _bla historia secreta del misil que desmanteló Menem |
| 260 |
_aBuenos Aires _bLetra Buena _c1992 |
||
| 300 | _a127 p. | ||
| 490 | 0 | _aTransiciones | |
| 500 | _aApéndice documental p. 121-124 | ||
| 504 | _aBibliografía para consultar p. 125-126 | ||
| 650 | 4 | _aFUERZAS ARMADAS | |
| 650 | 4 | _aCIENCIAS POLITICAS | |
| 650 | 4 | _aEJERCITOS | |
| 650 | 4 | _aINGENIERIA MILITAR | |
| 650 | 4 | _aPOLITICA INTERNACIONAL | |
| 650 | 4 | _aRELACIONES INTERNACIONALES | |
| 650 | 4 | _aDESARME | |
| 650 | 4 | _aARMAMENTO | |
| 650 | 4 | _aARMAS NUCLEARES | |
| 650 | 4 | _aPROGRAMAS CIENTIFICOS | |
| 800 | 1 |
_aSeoane, María _edirector |
|
| 942 | _cBK | ||
| 998 | _cMariana | ||
| 999 |
_c7039 _d7039 |
||